Vossler y la ciencia literaria

Bibliografiske detaljer
Hovedforfatter: Varela, José Luis
Format: Pakke
Sprog:Spanish
Serier:O crece o muere
Fag:

MARC

LEADER 00000cac a2200000 a 4500
001 50907
003 Ucuenca
005 20230308211044.0
008 959012|1955 sp |||||r|||||||||||spa||
040 |b spa 
041 0 |a spa 
082 0 |a 801 
100 1 |9 211232  |a Varela, José Luis 
245 |a Vossler y la ciencia literaria  |c José Luis Varela  |h imp 
264 |a Madrid  |b Ateneo  |c 1955 
300 |a 47 páginas:  |c 18.5 cm 
490 |a O crece o muere  |n no. 83 
504 |a incl. ref. 
650 |a Vossler  |9 211235 
650 |a Positivismo y la critica  |9 211236 
650 |a Realismo segun vossler  |9 211237 
650 0 |a Literatura  |9 131 
852 |a UC-CDJBV  |f Compra  |l 1  |m General  |p 19590123  |q 10,00  |r 8  |t 50907  |y 144394  |b 0  |d CDRC  |e CDRC  |g 801 ESTANTERIA CERRADA  |z 1959-90-12 
942 |c CR 
999 |c 117503  |d 117503